Správanie spotrebiteľov vo vzťahu k produktovým inováciám bakalárska práca

Salvato in:
Dettagli Bibliografici
Autore principale: Tulenková, Bronislava
Ente Autore: Obchodná fakulta EU. Katedra marketingu
Altri autori: Popovičová, Dominika, 1997-
Natura: Libro
Lingua:slovacco
Pubblicazione: Bratislava 2024
Tags: Aggiungi Tag
Nessun Tag, puoi essere il primo ad aggiungerne!!

MARC

LEADER 00000nbm a2200000 4500
001 0302403
005 20250623140554.8
041 0 |a slo 
044 |a SK 
245 1 0 |a Správanie spotrebiteľov vo vzťahu k produktovým inováciám  |b bakalárska práca  |c Bronislava Tulenková ; školiteľ: Dominika Popovičová 
264 1 |a Bratislava  |c 2024 
300 |a 60 s. 
100 1 |a Tulenková, Bronislava 
700 1 |a Popovičová, Dominika, 1997- 
710 2 |a Obchodná fakulta EU. Katedra marketingu